AN INTRODUCTION TO SEISMOLOGY, EARTHQUAKES AND EARTH STRUCTURE. (Record no. 216992)
[ view plain ]
| 000 -LEADER | |
|---|---|
| fixed length control field | 00545nam a22001817a 4500 |
| 008 - FIXED-LENGTH DATA ELEMENTS--GENERAL INFORMATION | |
| fixed length control field | 260416b |||||||| |||| 00| 0 eng d |
| 020 ## - INTERNATIONAL STANDARD BOOK NUMBER | |
| International Standard Book Number | 978-0-865-42078-6 |
| 050 ## - LIBRARY OF CONGRESS CALL NUMBER | |
| Classification number | QE 534.3 .S74 2003 |
| 100 ## - MAIN ENTRY--PERSONAL NAME | |
| Personal name | STEIN, SETH |
| 245 ## - TITLE STATEMENT | |
| Title | AN INTRODUCTION TO SEISMOLOGY, EARTHQUAKES AND EARTH STRUCTURE. |
| 260 ## - PUBLICATION, DISTRIBUTION, ETC. | |
| Place of publication, distribution, etc. | USA |
| Name of publisher, distributor, etc. | BLACKWELL PUBLISHING, |
| Date of publication, distribution, etc. | 2003 |
| 300 ## - PHYSICAL DESCRIPTION | |
| Extent | X, 498 P ILL |
| 500 ## - GENERAL NOTE | |
| General note | INCLUDES INDEX AND BIBLIOGRAPHICAL REFERENCES. |
| 650 ## - SUBJECT ADDED ENTRY | |
| Topical term or geographic name entry element | EARTHQUAKES |
| 700 ## - ADDED ENTRY--PERSONAL NAME | |
| Personal name | WYSESSION, MICHAEL. |
| 942 ## - ADDED ENTRY ELEMENTS (KOHA) | |
| Source of classification or shelving scheme | Library of Congress Classification |
| Koha item type | Long Loan Book |
| Withdrawn status | Lost status | Source of classification or shelving scheme | Damaged status | Not for loan | Collection | Home library | Current library | Shelving location | Date acquired | Inventory number | Total checkouts | Full call number | Barcode | Date last seen | Copy number | Price effective from | Koha item type |
|---|---|---|---|---|---|---|---|---|---|---|---|---|---|---|---|---|---|
| Library of Congress Classification | Science & Technology | Kisii University Library | Kisii University Library | On Display | 04/16/2026 | 112943 | QE 534.3 .S74 2003 | a001754 | 04/16/2026 | 1 | 04/16/2026 | Long Loan Book |